Comparison of analysis of a continuous beam using estabs & ACI moment coefficient method (Record no. 554261)
[ view plain ]
| 000 -LEADER | |
|---|---|
| fixed length control field | 00563nam a22001817a 4500 |
| 082 ## - DEWEY DECIMAL CLASSIFICATION NUMBER | |
| Classification number | P-824 |
| 100 ## - MAIN ENTRY--PERSONAL NAME | |
| Personal name | Sajjad, Muhammad |
| 9 (RLIN) | 51682 |
| 245 ## - TITLE STATEMENT | |
| Title | Comparison of analysis of a continuous beam using estabs & ACI moment coefficient method |
| Remainder of title | Syn-25 |
| 260 ## - PUBLICATION, DISTRIBUTION, ETC. | |
| Place of publication, distribution, etc. | Risalpur, |
| Name of publisher, distributor, etc. | MCE, |
| Date of publication, distribution, etc. | 2019. |
| 300 ## - PHYSICAL DESCRIPTION | |
| Extent | 25p. |
| Other physical details | ill. |
| Dimensions | 30cm. |
| 526 ## - STUDY PROGRAM INFORMATION NOTE | |
| Program name | 0 |
| Interest level | 0 |
| Reading level | 0 |
| Title point value | P_824 |
| 700 ## - ADDED ENTRY--PERSONAL NAME | |
| Personal name | Habib, Arshad |
| 9 (RLIN) | 51683 |
| 700 ## - ADDED ENTRY--PERSONAL NAME | |
| Personal name | Malik, Obaid |
| 9 (RLIN) | 51684 |
| 700 ## - ADDED ENTRY--PERSONAL NAME | |
| Personal name | Mujtaba, Abis |
| 9 (RLIN) | 51685 |
| 700 ## - ADDED ENTRY--PERSONAL NAME | |
| Personal name | Siddique, Dr Muhammad Shahid |
| 9 (RLIN) | 51686 |
| 700 ## - ADDED ENTRY--PERSONAL NAME | |
| Personal name | Wasim, Izzen |
| 9 (RLIN) | 51687 |
| 942 ## - ADDED ENTRY ELEMENTS (KOHA) | |
| Source of classification or shelving scheme | |
| Koha item type | Book |
| Withdrawn status | Lost status | Source of classification or shelving scheme | Damaged status | Not for loan | Permanent Location | Current Location | Date acquired | Total Checkouts | Full call number | Barcode | Date last seen | Price effective from | Koha item type |
|---|---|---|---|---|---|---|---|---|---|---|---|---|---|
| Military College of Engineering (MCE) | Military College of Engineering (MCE) | 08/20/2019 | P-824 | MCE-P-824 | 08/20/2019 | 08/20/2019 | Book |
